[Event "Canarias-ch U16"]
[Site "Costa Teguise"]
[Date "2014.04.25"]
[Round "6"]
[White "Santana Gil, Odama"]
[Black "Alvarez Alonso, Alberto"]
[Result "1/2-1/2"]
[WhiteElo "1713"]
[BlackElo "1635"]
[PlyCount "83"]
[EventDate "2014.04.24"]
[EventType "swiss"]
[EventRounds "7"]
[EventCountry "ESP"]
[SourceTitle "EXT 2016"]
[Source "ChessBase"]
[SourceDate "2015.10.08"]
[SourceVersion "1"]
[SourceVersionDate "2015.10.08"]
[SourceQuality "1"]

1. e4 e6 2. d4 d5 3. exd5 exd5 4. Nf3 Nf6 5. h3 Bd6 6. Be2 Bf5 7. Be3 Nbd7 8. Nbd2 c6 9. c4 h6 10. 0-0 0-0 11. Re1 Re8 12. Qb3 Rb8 13. Nb1 Bc7 14. Nc3 Nb6 15. c5 Nbd7 16. Qd1 Ne4 17. Nxe4 Bxe4 18. Bd3 Nf6 19. a3 Qd7 20. b4 Bxd3 21. Qxd3 Ne4 22. Nd2 f5 23. f3 Nxd2 24. Bxd2 Qf7 25. Be3 Re6 26. Bf2 Rbe8 27. Qd2 Rxe1+ 28. Rxe1 Re6 29. Rxe6 Qxe6 30. Qe3 Qxe3 31. Bxe3 f4 32. Bd2 Kf7 33. Be1 Ke6 34. Kh2 g5 35. Bd2 Kf5 36. Be1 h5 37. Bd2 g4 38. Bc3 Bd8 39. Be1 Bf6 40. Bc3 a6 41. Kg1 Bh4 42. Kf1 1/2-1/2

[Event "Canarias-ch U16 31st"]
[Site "Puerto de la Cruz"]
[Date "2013.04.26"]
[Round "2"]
[White "Santana Gil, Odama"]
[Black "Sanabria Taskila, Daniel Kristia"]
[Result "1-0"]
[WhiteElo "1714"]
[BlackElo "1410"]
[PlyCount "93"]
[EventDate "2013.04.26"]
[EventType "swiss"]
[EventRounds "7"]
[EventCountry "ESP"]
[SourceTitle "EXT 2015"]
[Source "ChessBase"]
[SourceDate "2014.11.20"]
[SourceVersion "1"]
[SourceVersionDate "2014.11.20"]
[SourceQuality "1"]

1. e4 c6 2. d4 d5 3. e5 Bf5 4. Nf3 e6 5. Be2 Qb6 6. c3 Ne7 7. Nbd2 Nd7 8. b4 a5 9. Qb3 a4 10. Qd1 Bg6 11. a3 Nf5 12. Bb2 Qa7 13. c4 Be7 14. Rc1 0-0 15. 0-0 Rac8 16. Nb1 dxc4 17. Bxc4 Nb6 18. Bd3 Rfd8 19. Bxf5 Bxf5 20. Qe2 Nd5 21. Rfd1 Nf4 22. Qe3 Nd5 23. Qd2 b6 24. h4 Bg4 25. Qd3 Bxf3 26. Qxf3 Bxh4 27. g3 Bg5 28. Rc2 Nc7 29. Qe4 Rd7 30. f4 Be7 31. Nd2 Rcd8 32. Nf3 Nb5 33. Rcd2 Bf8 34. f5 exf5 35. Qxf5 Rd5 36. Qe4 Qb8 37. Kg2 Qc8 38. Ne1 g5 39. Nc2 Nc7 40. Ne3 Rb5 41. Ng4 Bg7 42. Rh1 Qe6 43. Rf2 Ne8 44. Ne3 Nd6 45. Qc2 Ne8 46. Nf5 Qg6 47. Ne7+ 1-0

[Event "Canarias-ch 29th"]
[Site "Amurga de San Fdo Maspal"]
[Date "2011.05.28"]
[Round "6"]
[White "Santana Gil, Odama"]
[Black "Capote Robayna, Johanna"]
[Result "1-0"]
[WhiteElo "1601"]
[BlackElo "1763"]
[PlyCount "103"]
[EventDate "2011.05.27"]
[EventType "swiss"]
[EventRounds "7"]
[EventCountry "ESP"]
[SourceTitle "EXT 2013"]
[Source "ChessBase"]
[SourceDate "2012.11.22"]
[SourceVersion "1"]
[SourceVersionDate "2012.11.22"]
[SourceQuality "1"]

1. e4 c5 2. Nf3 Nc6 3. d4 cxd4 4. Nxd4 g6 5. Be3 Bg7 6. Qd2 Nf6 7. Nc3 Ng4 8. Nxc6 bxc6 9. Bf4 d6 10. Be2 Ne5 11. Bh6 0-0 12. Bxg7 Kxg7 13. 0-0 Rb8 14. b3 Bb7 15. f4 Qb6+ 16. Kh1 Nd7 17. Na4 Qc7 18. Bf3 c5 19. Rae1 Rfd8 20. c4 Bc6 21. Nc3 Nf6 22. Nd5 Qb7 23. Nxf6 exf6 24. Qc3 Re8 25. e5 fxe5 26. fxe5 dxe5 27. Rxe5 f6 28. Bxc6 Qxc6 29. Rxe8 Rxe8 30. Re1 Rxe1+ 31. Qxe1 Qd6 32. h3 Qe5 33. Qa5 Qe7 34. a3 f5 35. Qc3+ Qf6 36. Qc1 f4 37. Qd1 Qd4 38. Qxd4+ cxd4 39. Kg1 Kf6 40. Kf2 Ke5 41. Ke2 a5 42. b4 a4 43. Kd3 g5 44. b5 h5 45. b6 Kd6 46. Kxd4 g4 47. hxg4 hxg4 48. c5+ Kc6 49. Ke4 f3 50. gxf3 gxf3 51. Kxf3 Kb7 52. Ke3 1-0

[Event "Canarias-ch 29th"]
[Site "Amurga de San Fdo Maspal"]
[Date "2011.05.28"]
[Round "4"]
[White "Santana Gil, Odama"]
[Black "Redondo Martin, Enrique"]
[Result "0-1"]
[WhiteElo "1601"]
[BlackElo "1401"]
[PlyCount "100"]
[EventDate "2011.05.27"]
[EventType "swiss"]
[EventRounds "7"]
[EventCountry "ESP"]
[SourceTitle "EXT 2013"]
[Source "ChessBase"]
[SourceDate "2012.11.22"]
[SourceVersion "1"]
[SourceVersionDate "2012.11.22"]
[SourceQuality "1"]

1. e4 c6 2. d4 d5 3. exd5 cxd5 4. Nf3 Bf5 5. c4 e6 6. Nc3 Nf6 7. Be3 Bb4 8. Be2 Qc7 9. c5 Ne4 10. Rc1 Qa5 11. Qb3 Bxc3+ 12. bxc3 b6 13. cxb6 axb6 14. 0-0 0-0 15. Nh4 Bg6 16. Nxg6 hxg6 17. Bf3 Nf6 18. c4 Qxa2 19. Qxb6 Nbd7 20. Qd6 Ra6 21. Qb4 Ra4 22. Qd2 Qxd2 23. Bxd2 dxc4 24. Bd1 Ra2 25. Bb4 Rc8 26. Bf3 Nd5 27. Bc3 N7b6 28. Bd1 Na4 29. Bxa4 Rxa4 30. Rfd1 f6 31. g3 Kf7 32. Rd2 Ra3 33. Rdc2 Nxc3 34. Rxc3 Rxc3 35. Rxc3 Ke7 36. Kf1 Kd6 37. Ke2 Kd5 38. Ke3 Rb8 39. Rc1 Rb3+ 40. Kd2 Kxd4 41. Kc2 Rc3+ 42. Kd2 Rxc1 43. Kxc1 Kd3 44. Kd1 f5 45. f4 Ke3 46. Kc2 Kf3 47. Kc3 Kg2 48. Kxc4 Kxh2 49. Kd4 Kxg3 50. Ke5 Kg4 0-1

[Event "Canarias-ch 29th"]
[Site "Amurga de San Fdo Maspal"]
[Date "2011.05.27"]
[Round "2"]
[White "Santana Gil, Odama"]
[Black "Diaz Martin, Cristina"]
[Result "1-0"]
[WhiteElo "1601"]
[BlackElo "1402"]
[PlyCount "77"]
[EventDate "2011.05.27"]
[EventType "swiss"]
[EventRounds "7"]
[EventCountry "ESP"]
[SourceTitle "EXT 2013"]
[Source "ChessBase"]
[SourceDate "2012.11.22"]
[SourceVersion "1"]
[SourceVersionDate "2012.11.22"]
[SourceQuality "1"]

1. e4 e5 2. Nf3 Nc6 3. Bb5 a6 4. Ba4 Nf6 5. d4 d6 6. dxe5 dxe5 7. Bxc6+ bxc6 8. Qxd8+ Kxd8 9. Nxe5 Bd7 10. Nxf7+ Kc8 11. Nxh8 Be6 12. Nc3 Bb4 13. 0-0 Kb7 14. a3 Bc5 15. e5 Nd7 16. Ne4 Bb6 17. Ng5 Bc4 18. Re1 Rf8 19. Be3 Rxh8 20. e6 Nf6 21. b3 Bd5 22. c4 Be4 23. Bxb6 Kxb6 24. Nxe4 Re8 25. Nxf6 gxf6 26. e7 Kb7 27. Rad1 Kc8 28. b4 h6 29. c5 h5 30. h4 f5 31. f4 Rh8 32. Re5 Re8 33. Kf2 Rh8 34. Rxf5 Re8 35. Rf8 a5 36. Rd8+ Kb7 37. bxa5 Rxe7 38. Rb8+ Ka6 39. Rb4 1-0

[Event "Vecindario Canarias op 4th"]
[Site "Vecindario"]
[Date "2010.07.18"]
[Round "1"]
[White "Santana Gil, Odama"]
[Black "Natalicchio Escalante, Ricardo Nicolas"]
[Result "0-1"]
[WhiteElo "1606"]
[BlackElo "2193"]
[PlyCount "76"]
[EventDate "2010.07.18"]
[EventType "swiss"]
[EventRounds "9"]
[EventCountry "ESP"]
[SourceTitle "CBM 137 Extra"]
[Source "ChessBase"]
[SourceDate "2010.09.01"]
[SourceVersion "1"]
[SourceVersionDate "2010.09.01"]
[SourceQuality "1"]

1. e4 c5 2. Nf3 d6 3. d4 cxd4 4. Nxd4 Nf6 5. Nc3 g6 6. Be3 Bg7 7. Be2 a6 8. Qd2 b5 9. a3 Bb7 10. f3 Nbd7 11. Bh6 Bxh6 12. Qxh6 Rc8 13. Nb3 Qb6 14. Qd2 Ne5 15. Qd4 Qxd4 16. Nxd4 e6 17. 0-0 Ke7 18. Nb3 d5 19. exd5 Nxd5 20. Nxd5+ Bxd5 21. Nd4 Nc4 22. b3 Ne3 23. Rfc1 e5 24. c4 exd4 25. cxd5 Nxd5 26. a4 Nc3 27. Bd3 bxa4 28. bxa4 a5 29. Re1+ Kd6 30. f4 Rhe8 31. Rxe8 Rxe8 32. f5 Re3 33. fxg6 hxg6 34. Bc4 f5 35. h4 Ke5 36. Bf7 Kf6 37. Bc4 d3 38. Bb3 d2 0-1

[Event "Gran Canaria op 3rd"]
[Site "Gran Canaria"]
[Date "2009.07.17"]
[Round "5"]
[White "Santana Gil, Odama"]
[Black "Herrera Reyes, Jose Antonio"]
[Result "0-1"]
[WhiteElo "1610"]
[BlackElo "2106"]
[PlyCount "80"]
[EventDate "2009.07.13"]
[EventType "swiss"]
[EventRounds "7"]
[EventCountry "ESP"]
[SourceTitle "CBM 131 Extra"]
[Source "ChessBase"]
[SourceDate "2009.09.03"]
[SourceVersion "2"]
[SourceVersionDate "2009.09.16"]
[SourceQuality "1"]

1. e4 c5 2. Nf3 e6 3. Nc3 Nc6 4. Be2 a6 5. d4 cxd4 6. Nxd4 Bc5 7. Be3 Qf6 8. Nxc6 Bxe3 9. fxe3 dxc6 10. Qd3 e5 11. 0-0-0 Qe7 12. Qd6 Nf6 13. h3 Qxd6 14. Rxd6 Be6 15. Rhd1 Ke7 16. g4 h6 17. Bf3 g5 18. Na4 Nd7 19. Nc3 Rac8 20. Ne2 h5 21. Ng3 Nf6 22. Nf5+ Bxf5 23. exf5 hxg4 24. Bxg4 Rc7 25. R6d2 Nxg4 26. hxg4 Rh3 27. Rf1 Rg3 28. Rfd1 Rxg4 29. Rd6 Rd4 30. R6xd4 exd4 31. exd4 Kf6 32. Rf1 Rd7 33. c3 Rd5 34. Kd1 Rxf5 35. Rg1 Rf2 36. Kc1 Kf5 37. a3 Kf4 38. b4 g4 39. Kd1 Kf3 40. Kc1 g3 0-1

[Event "Gran Canaria op 3rd"]
[Site "Gran Canaria"]
[Date "2009.07.16"]
[Round "4"]
[White "Guedes Lopez, Saul"]
[Black "Santana Gil, Odama"]
[Result "1/2-1/2"]
[WhiteElo "1753"]
[BlackElo "1610"]
[PlyCount "115"]
[EventDate "2009.07.13"]
[EventType "swiss"]
[EventRounds "7"]
[EventCountry "ESP"]
[SourceTitle "CBM 131 Extra"]
[Source "ChessBase"]
[SourceDate "2009.09.03"]
[SourceVersion "2"]
[SourceVersionDate "2009.09.16"]
[SourceQuality "1"]

1. d4 d5 2. c4 e5 3. dxe5 d4 4. a3 a5 5. e3 Nc6 6. h3 Bc5 7. Nf3 Nge7 8. Qe2 0-0 9. exd4 Nxd4 10. Nxd4 Qxd4 11. Be3 Qxe5 12. Bxc5 Qxc5 13. Nc3 Bf5 14. Qh5 Qd6 15. Be2 Qg6 16. Qxg6 fxg6 17. 0-0 Rf6 18. Bf3 Nc6 19. Nd5 Rf7 20. Ne3 Be6 21. Rab1 Nd4 22. Bd5 Bxd5 23. Nxd5 Nb3 24. Rfe1 Raf8 25. f3 c6 26. Nc3 Nd2 27. Rbd1 Nxc4 28. Re2 Rf4 29. Rd7 R4f7 30. Rd4 Rf4 31. Rd7 b5 32. Ne4 b4 33. axb4 axb4 34. Rd4 Ne5 35. Rxb4 Nd3 36. Rc4 Rb8 37. Rxc6 Nxb2 38. Rec2 Rff8 39. Kh2 Nd3 40. Rc7 Rf7 41. Rc8+ Rf8 42. Rxf8+ Rxf8 43. Rc7 h6 44. h4 Nf4 45. Rc6 Kh7 46. Rc7 Rf5 47. Rc5 Ne6 48. Rc6 Nf4 49. Rc5 h5 50. Rxf5 gxf5 51. Nd6 g6 52. Kg1 Kg7 53. Kf2 Kf6 54. g3 Nd5 55. Nc4 f4 56. Nd6 Ke6 57. Ne4 fxg3+ 58. Kxg3 1/2-1/2

[Event "Gran Canaria op 3rd"]
[Site "Gran Canaria"]
[Date "2009.07.13"]
[Round "1"]
[White "Lajthajm, Borko"]
[Black "Santana Gil, Odama"]
[Result "1-0"]
[WhiteElo "2484"]
[BlackElo "1610"]
[PlyCount "35"]
[EventDate "2009.07.13"]
[EventType "swiss"]
[EventRounds "7"]
[EventCountry "ESP"]
[SourceTitle "CBM 131 Extra"]
[Source "ChessBase"]
[SourceDate "2009.09.03"]
[SourceVersion "2"]
[SourceVersionDate "2009.09.16"]
[SourceQuality "1"]

1. Nf3 c5 2. c4 Nc6 3. g3 Nf6 4. Bg2 e6 5. 0-0 Be7 6. Nc3 0-0 7. d4 d5 8. cxd5 exd5 9. dxc5 Bxc5 10. Bg5 d4 11. Bxf6 Qxf6 12. Ne4 Qf5 13. Rc1 Bb6 14. Ne1 Be6 15. Nd6 Qe5 16. Nxb7 Bd5 17. Nd3 Qe6 18. Nf4 1-0

[Event "Las Palmas op"]
[Site "Las Palmas"]
[Date "2009.04.12"]
[Round "9"]
[White "Capote Robayna, Nathaniel"]
[Black "Santana Gil, Odama"]
[Result "1-0"]
[WhiteElo "1909"]
[BlackElo "1619"]
[PlyCount "43"]
[EventDate "2009.04.05"]
[EventType "swiss"]
[EventRounds "9"]
[EventCountry "ESP"]
[SourceTitle "CBM 129 Extra"]
[Source "ChessBase"]
[SourceDate "2009.05.05"]
[SourceVersion "2"]
[SourceVersionDate "2009.05.20"]
[SourceQuality "1"]

1. e4 e5 2. Nf3 Nc6 3. Bc4 Nf6 4. d3 d5 5. exd5 Nxd5 6. 0-0 Be7 7. Re1 Qd6 8. Nbd2 Be6 9. Ne4 Qd7 10. Neg5 Bf5 11. Nxe5 Nxe5 12. Rxe5 c6 13. Qf3 Be6 14. Nxe6 fxe6 15. Qg4 0-0-0 16. Qxe6 Qxe6 17. Rxe6 Bc5 18. Bg5 Rdf8 19. Rf1 Rf5 20. Bh4 Nf4 21. Re4 Ng6 22. Be6+ 1-0

[Event "Las Palmas op"]
[Site "Las Palmas"]
[Date "2009.04.08"]
[Round "4"]
[White "Rodriguez Gonzalez, Blas"]
[Black "Santana Gil, Odama"]
[Result "1-0"]
[WhiteElo "2026"]
[BlackElo "1619"]
[PlyCount "55"]
[EventDate "2009.04.05"]
[EventType "swiss"]
[EventRounds "9"]
[EventCountry "ESP"]
[SourceTitle "CBM 129 Extra"]
[Source "ChessBase"]
[SourceDate "2009.05.05"]
[SourceVersion "2"]
[SourceVersionDate "2009.05.20"]
[SourceQuality "1"]

1. e4 e5 2. Nf3 Nc6 3. Bb5 a6 4. Ba4 b5 5. Bb3 Bc5 6. 0-0 Nf6 7. c3 0-0 8. d4 Bb6 9. Nxe5 Ne7 10. Bg5 d6 11. Bxf6 gxf6 12. Ng4 Ng6 13. Nh6+ Kg7 14. Nf5+ Kg8 15. f4 c6 16. Nh6+ Kg7 17. Qh5 f5 18. Nxf5+ Bxf5 19. Qxf5 c5 20. Bd5 Rb8 21. dxc5 Bxc5+ 22. Kh1 b4 23. Nd2 bxc3 24. bxc3 Rb2 25. Nf3 Be3 26. Ng5 h6 27. Bxf7 Qf6 28. Ne6+ 1-0